000 00760nam a2200229Ia 4500
003 CO-CtgCURN
005 20250407222103.0
008 190723s9999 xx 000 0 und d
020 _a9586482952
040 _aCO-CtgCURN
_bspa
_ccoctgcurn
082 _a344.046
_bS232i
100 _aSantander Mejía, Enrique
245 0 _aInstituciones de Derecho ambiental /
_cEnrique Santander Mejía
260 _aBogotá, Colombia :
_bEcoe Ediciones,
_c2002
300 _a270 páginas ;
_c23 centímetros
521 _aAREA PROFESIONAL
590 _aPrograma de Derecho_18
650 _aDerecho ambiental
650 _aMedio ambiente
942 _cBK
_h344.046
_iS232i
_2ddc
_n0
999 _c28694
_d28694